[Event "SVK-chT2A 2122"]
[Site "Slovakia"]
[Date "2022.05.01"]
[Round "11.7"]
[White "Horvath, Marek"]
[Black "Kralovic, Peter"]
[Result "0-1"]
[WhiteElo "1801"]
[BlackElo "1808"]
[PlyCount "90"]
[EventDate "2021.10.16"]
[EventType "team-tourn"]
[EventRounds "11"]
[EventCountry "SVK"]
[SourceTitle "EXT 2023"]
[Source "ChessBase"]
[SourceDate "2022.10.05"]
[SourceVersion "1"]
[SourceVersionDate "2022.10.05"]
[SourceQuality "1"]
[WhiteTeam "Modra II"]
[BlackTeam "Bratislava Slovan V"]
[WhiteTeamCountry "SVK"]
[BlackTeamCountry "SVK"]

1. e4 c5 2. c3 Nf6 3. e5 Nd5 4. d4 cxd4 5. Nf3 Nc6 6. cxd4 d6 7. Bc4 Nb6 8. Bb3 dxe5 9. Nxe5 Nxe5 10. dxe5 Qxd1+ 11. Bxd1 e6 12. 0-0 Bd7 13. Bf3 Nd5 14. Bd2 Bc6 15. Nc3 Rd8 16. Rfd1 Nxc3 17. Bxc6+ bxc6 18. Bxc3 Rd5 19. Rac1 Kd7 20. Kf1 Bc5 21. Ke2 Rd8 22. f4 Kc7 23. g4 Kb6 24. a4 Rxd1 25. Rxd1 Rxd1 26. Kxd1 Be3 27. Bd2 Bxd2 28. Kxd2 Ka5 29. b3 Kb4 30. Kc2 c5 31. h4 c4 32. bxc4 Kxc4 33. g5 g6 34. Kd2 Kb4 35. Kd3 Kxa4 36. Kc4 a6 37. Kc5 Kb3 38. Kd6 a5 39. Ke7 a4 40. Kxf7 a3 41. f5 gxf5 42. h5 a2 43. g6 hxg6 44. hxg6 a1Q 45. g7 Qg1 0-1

[Event "SVK-ch U16"]
[Site "Stara Lubovna"]
[Date "2021.06.26"]
[Round "1"]
[White "Bidulsky, Matej"]
[Black "Horvath, Marek"]
[Result "1-0"]
[WhiteElo "1733"]
[BlackElo "1000"]
[PlyCount "83"]
[EventDate "2021.06.26"]
[EventType "swiss"]
[EventRounds "9"]
[EventCountry "SVK"]
[SourceTitle "CBM 203 Extra"]
[Source "ChessBase"]
[SourceDate "2021.09.30"]
[SourceVersion "1"]
[SourceVersionDate "2021.09.30"]
[SourceQuality "1"]

1. e4 c6 2. c4 e5 3. Nf3 d6 4. d4 Nf6 5. dxe5 dxe5 6. Qxd8+ Kxd8 7. Nxe5 Be6 8. Bg5 Be7 9. Nc3 Na6 10. a3 Nc5 11. f3 h6 12. Bf4 Nb3 13. Rd1+ Ke8 14. Bd3 c5 15. 0-0 Nd4 16. Nd5 Bxd5 17. cxd5 Rc8 18. Be3 Bd6 19. Nc4 Be7 20. Bxd4 cxd4 21. Na5 Nd7 22. b4 Rc3 23. Rc1 Rxd3 24. Rc8+ Bd8 25. Nxb7 Ke7 26. d6+ Ke6 27. Nxd8+ Kf6 28. f4 Nb6 29. e5+ Kg6 30. f5+ Kh7 31. Rb8 Nd7 32. Rb7 Nxe5 33. Nxf7 Nxf7 34. Rxf7 Rxa3 35. f6 Rd8 36. Rxg7+ Kh8 37. Rg6 Kh7 38. Rg7+ Kh8 39. Re7 Kg8 40. d7 Kf8 41. Rh7 Kg8 42. f7+ 1-0

[Event "SVK-chT2A 1819"]
[Site "Slovakia"]
[Date "2019.03.02"]
[Round "8.6"]
[White "Gettler, Daniel"]
[Black "Horvath, Marek"]
[Result "1-0"]
[WhiteElo "2042"]
[BlackElo "1807"]
[PlyCount "63"]
[EventDate "2018.10.13"]
[EventType "team-tourn"]
[EventRounds "11"]
[EventCountry "SVK"]
[SourceTitle "EXT 2020"]
[Source "ChessBase"]
[SourceDate "2019.10.17"]
[SourceVersion "1"]
[SourceVersionDate "2019.10.17"]
[SourceQuality "1"]
[WhiteTeam "Krasnany"]
[BlackTeam "Modra II"]
[WhiteTeamCountry "SVK"]
[BlackTeamCountry "SVK"]

1. c4 g6 2. g3 Bg7 3. Bg2 Nf6 4. Nc3 0-0 5. e4 d6 6. Nge2 e5 7. h3 Be6 8. b3 Nbd7 9. d4 exd4 10. Nxd4 Rb8 11. f4 Nb6 12. 0-0 Bd7 13. Be3 a6 14. Qd2 c5 15. Nde2 Bc6 16. Rad1 Re8 17. Qxd6 Qxd6 18. Rxd6 Nxe4 19. Bxe4 Bxe4 20. Rxb6 Bd3 21. Rf3 Rbd8 22. Kf2 Rd7 23. Bxc5 h5 24. Re3 Rxe3 25. Bxe3 Bf5 26. h4 Bg4 27. Nd5 Be6 28. Bd4 Bxd5 29. cxd5 Bf8 30. Nc3 Rc7 31. Ke3 Re7+ 32. Kd3 1-0

[Event "SVK-chT2A 1819"]
[Site "Slovakia"]
[Date "2018.12.15"]
[Round "5.7"]
[White "Horvath, Marek"]
[Black "Varholak, Peter"]
[Result "1-0"]
[WhiteElo "1811"]
[BlackElo "1751"]
[PlyCount "34"]
[EventDate "2018.10.13"]
[EventType "team-tourn"]
[EventRounds "11"]
[EventCountry "SVK"]
[SourceTitle "CBM 189 Extra"]
[Source "ChessBase"]
[SourceDate "2019.06.03"]
[SourceVersion "1"]
[SourceVersionDate "2019.06.03"]
[SourceQuality "1"]
[WhiteTeam "Modra II"]
[BlackTeam "Pezinok"]
[WhiteTeamCountry "SVK"]
[BlackTeamCountry "SVK"]

1. e4 d5 2. exd5 Nf6 3. Nf3 Nxd5 4. d4 Bf5 5. c3 e6 6. Bd3 Bg6 7. Qc2 Be7 8. Be3 Nxe3 9. fxe3 Bxd3 10. Qxd3 0-0 11. Nbd2 Nd7 12. 0-0 c5 13. Nc4 cxd4 14. exd4 Qc7 15. Qe2 Rac8 16. Ne3 Nb6 17. Ng4 Nc4 1-0

[Event "SVK-chT1W 1415"]
[Site "Slovakia"]
[Date "2015.03.14"]
[Round "10.4"]
[White "Kutny, Marian"]
[Black "Horvath, Marek"]
[Result "1-0"]
[WhiteElo "1938"]
[BlackElo "1817"]
[PlyCount "81"]
[EventDate "2014.10.18"]
[EventType "team-tourn"]
[EventRounds "11"]
[EventCountry "SVK"]
[SourceTitle "EXT 2016"]
[Source "ChessBase"]
[SourceDate "2015.10.08"]
[SourceVersion "1"]
[SourceVersionDate "2015.10.08"]
[SourceQuality "1"]
[WhiteTeam "Dubnica nad Vahom II"]
[BlackTeam "Modra"]
[WhiteTeamCountry "SVK"]
[BlackTeamCountry "SVK"]

1. Nf3 Nf6 2. d4 d5 3. Bf4 g6 4. e3 Bg7 5. c4 c6 6. Nc3 0-0 7. cxd5 Nxd5 8. Nxd5 cxd5 9. Bd3 Nc6 10. 0-0 Bg4 11. h3 Bxf3 12. Qxf3 Nb4 13. Qe2 Rc8 14. a3 Nxd3 15. Qxd3 a6 16. Rac1 Qd7 17. Qb3 Rc6 18. Rc5 e6 19. Rfc1 Rfc8 20. Qb6 Bf8 21. Rxc6 Rxc6 22. Rxc6 Qxc6 23. Qd8 f5 24. Bh6 Qd6 25. Qc8 Qe7 26. Bxf8 Qxf8 27. Qxe6+ Qf7 28. Qxf7+ Kxf7 29. f3 h5 30. h4 Kf6 31. Kf2 Ke6 32. Kg3 Ke7 33. Kf4 Kf6 34. e4 fxe4 35. fxe4 dxe4 36. Kxe4 Ke6 37. d5+ Kd6 38. Kd4 b6 39. b4 a5 40. bxa5 bxa5 41. a4 1-0

[Event "SVK-chT2A 1415"]
[Site "Slovakia"]
[Date "2015.02.15"]
[Round "9.7"]
[White "Horvath, Marek"]
[Black "Vegh, Vince"]
[Result "1/2-1/2"]
[WhiteElo "1817"]
[BlackElo "1919"]
[PlyCount "63"]
[EventDate "2014.10.11"]
[EventType "team-tourn"]
[EventRounds "11"]
[EventCountry "SVK"]
[SourceTitle "EXT 2016"]
[Source "ChessBase"]
[SourceDate "2015.10.08"]
[SourceVersion "1"]
[SourceVersionDate "2015.10.08"]
[SourceQuality "1"]
[WhiteTeam "Modra II"]
[BlackTeam "Potonska Veza"]
[WhiteTeamCountry "SVK"]
[BlackTeamCountry "SVK"]

1. e4 c5 2. c3 e5 3. d4 cxd4 4. cxd4 exd4 5. Qxd4 Nc6 6. Qd1 g6 7. g3 Bg7 8. Bg2 Nf6 9. Ne2 0-0 10. 0-0 Re8 11. Nbc3 b6 12. Bg5 Bb7 13. Nd5 Na5 14. Nec3 Rc8 15. Re1 h6 16. Bxf6 Bxf6 17. Nxf6+ Qxf6 18. Qxd7 Red8 19. Qb5 Rd2 20. Re2 a6 21. e5 axb5 22. exf6 Rxe2 23. Nxe2 Bxg2 24. Kxg2 Rc2 25. Nf4 Rxb2 26. Rd1 g5 27. Rd8+ Kh7 28. Ne6 Nc6 29. Nf8+ Kg8 30. Ra8 Rd2 31. Ne6+ Kh7 32. Nf8+ 1/2-1/2

[Event "SVK-chT2A 1112"]
[Site "Slovakia"]
[Date "2012.01.28"]
[Round "8.6"]
[White "Horvath, Marek"]
[Black "Spacek, Marcel"]
[Result "1-0"]
[WhiteElo "1844"]
[BlackElo "1818"]
[PlyCount "47"]
[EventDate "2011.10.08"]
[EventType "team-tourn"]
[EventRounds "11"]
[EventCountry "SVK"]
[SourceTitle "EXT 2013"]
[Source "ChessBase"]
[SourceDate "2012.11.22"]
[SourceVersion "1"]
[SourceVersionDate "2012.11.22"]
[SourceQuality "1"]
[WhiteTeam "Modra II"]
[BlackTeam "Osuske II"]
[WhiteTeamCountry "SVK"]
[BlackTeamCountry "SVK"]

1. e4 c5 2. c3 Nf6 3. e5 Nd5 4. d4 e6 5. Nf3 Nc6 6. Bc4 Nb6 7. Bb3 Qc7 8. 0-0 d6 9. dxc5 dxc5 10. Bf4 c4 11. Bc2 Nd5 12. Bg3 Bc5 13. Nbd2 b5 14. Ne4 Be7 15. Nd6+ Bxd6 16. exd6 Qb6 17. Be4 Nf6 18. Ne5 Bd7 19. Qf3 Rc8 20. Rad1 Nd8 21. Bc2 Qb7 22. Nxd7 Qxf3 23. Nxf6+ Qxf6 24. d7+ 1-0

[Event "SVK-chT2A 10/11"]
[Site "Slovakia"]
[Date "2011.03.27"]
[Round "11.8"]
[White "Curidlo, Jan"]
[Black "Horvath, Marek"]
[Result "1/2-1/2"]
[WhiteElo "1827"]
[BlackElo "1820"]
[PlyCount "49"]
[EventDate "2010.10.23"]
[EventType "team-tourn"]
[EventRounds "11"]
[EventCountry "SVK"]
[SourceTitle "EXT 2019"]
[Source "ChessBase"]
[SourceDate "2018.10.10"]
[SourceVersion "1"]
[SourceVersionDate "2018.10.10"]
[SourceQuality "1"]
[WhiteTeam "Piestany Kupele"]
[BlackTeam "Modra II"]
[WhiteTeamCountry "SVK"]
[BlackTeamCountry "SVK"]

1. e4 e5 2. Nf3 Nf6 3. Nc3 Bb4 4. d3 d5 5. exd5 Nxd5 6. Bd2 0-0 7. Nxd5 Bxd2+ 8. Qxd2 Qxd5 9. Be2 Bg4 10. 0-0 e4 11. Ne1 Bxe2 12. Qxe2 Re8 13. dxe4 Rxe4 14. Qd3 Qxd3 15. Nxd3 Nc6 16. Rfe1 Rae8 17. Kf1 Kf8 18. Rxe4 Rxe4 19. Re1 Rxe1+ 20. Kxe1 Ke7 21. Ke2 Kd6 22. f4 f5 23. Ke3 Ne7 24. c4 c5 25. Ne5 1/2-1/2

[Event "SVK-chT2A 10/11"]
[Site "Slovakia"]
[Date "2011.03.26"]
[Round "10.8"]
[White "Horvath, Marek"]
[Black "Krist, Milan"]
[Result "1/2-1/2"]
[WhiteElo "1820"]
[BlackElo "2004"]
[PlyCount "97"]
[EventDate "2010.10.23"]
[EventType "team-tourn"]
[EventRounds "11"]
[EventCountry "SVK"]
[SourceTitle "EXT 2019"]
[Source "ChessBase"]
[SourceDate "2018.10.10"]
[SourceVersion "1"]
[SourceVersionDate "2018.10.10"]
[SourceQuality "1"]
[WhiteTeam "Modra II"]
[BlackTeam "Trnava Lokomotiva II"]
[WhiteTeamCountry "SVK"]
[BlackTeamCountry "SVK"]

1. e4 c6 2. d4 d5 3. exd5 cxd5 4. Bd3 Nf6 5. Nf3 e6 6. 0-0 Bd6 7. Re1 0-0 8. Nbd2 b6 9. c3 Ba6 10. Bc2 Nbd7 11. Ne5 Qc7 12. Ndf3 Bb7 13. Ba4 a6 14. Bg5 b5 15. Bxf6 Nxf6 16. Bc2 Rac8 17. Rc1 Qe7 18. a3 a5 19. a4 b4 20. Re3 Rc7 21. Bb3 bxc3 22. Rexc3 Rfc8 23. Rxc7 Rxc7 24. Rxc7 Qxc7 25. Bc2 h6 26. h3 Qb6 27. b3 Qc7 28. Qd3 Ne4 29. Ng4 Qc3 30. Ne3 Qa1+ 31. Qd1 Qxd1+ 32. Nxd1 Kf8 33. Bd3 Ke7 34. Kf1 Bb4 35. Ke2 Nc3+ 36. Nxc3 Bxc3 37. Ke3 Bb4 38. Bb5 f6 39. Ng1 Kd6 40. f3 e5 41. Ne2 Bc8 42. Bd3 Be6 43. Ng3 Bc3 44. dxe5+ fxe5 45. Nf5+ Bxf5 46. Bxf5 g5 47. g4 Kc5 48. Be6 Kd6 49. Bf5 1/2-1/2

[Event "Brezova op"]
[Site "Brezova pod Bradlom"]
[Date "2010.08.27"]
[Round "7"]
[White "Spacek, Marcel"]
[Black "Horvath, Marek"]
[Result "0-1"]
[WhiteElo "1645"]
[BlackElo "1820"]
[PlyCount "76"]
[EventDate "2010.08.22"]
[EventType "swiss"]
[EventRounds "9"]
[EventCountry "SVK"]
[SourceTitle "CBM 138 Extra"]
[Source "ChessBase"]
[SourceDate "2010.10.29"]
[SourceVersion "1"]
[SourceVersionDate "2010.10.29"]
[SourceQuality "1"]

1. d4 Nf6 2. c4 e5 3. dxe5 Ng4 4. Bf4 Nc6 5. Nf3 Bb4+ 6. Nc3 Qe7 7. Qd5 f6 8. exf6 Nxf6 9. Qd3 d6 10. e3 Ne4 11. a3 Bxc3+ 12. bxc3 Bf5 13. Bg5 Nxg5 14. Qxf5 Nxf3+ 15. Qxf3 Rf8 16. Qh5+ g6 17. Qd1 Qf6 18. Qc2 0-0-0 19. Bd3 Ne5 20. 0-0 Nxd3 21. Qxd3 h5 22. Rab1 Qf5 23. Qd5 Qxd5 24. cxd5 Rde8 25. Rfd1 Re4 26. Rb4 Re5 27. Rbd4 g5 28. R1d3 g4 29. g3 a5 30. Rd2 b6 31. Rf4 Rxf4 32. gxf4 Rf5 33. Kg2 c6 34. c4 cxd5 35. Rxd5 Rxd5 36. cxd5 b5 37. Kf1 b4 38. axb4 a4 0-1

[Event "Brezova op"]
[Site "Brezova pod Bradlom"]
[Date "2010.08.25"]
[Round "5"]
[White "Horvath, Marek"]
[Black "Polasek, Filip"]
[Result "0-1"]
[WhiteElo "1820"]
[BlackElo "2113"]
[PlyCount "106"]
[EventDate "2010.08.22"]
[EventType "swiss"]
[EventRounds "9"]
[EventCountry "SVK"]
[SourceTitle "CBM 138 Extra"]
[Source "ChessBase"]
[SourceDate "2010.10.29"]
[SourceVersion "1"]
[SourceVersionDate "2010.10.29"]
[SourceQuality "1"]

1. e4 e5 2. Nf3 Nc6 3. d4 exd4 4. Nxd4 Nxd4 5. Qxd4 d6 6. Bc4 Be6 7. Nc3 c6 8. 0-0 Qb6 9. Qxb6 axb6 10. Bxe6 fxe6 11. a4 g6 12. Be3 Bg7 13. Bxb6 Nf6 14. Rad1 Kd7 15. b3 Rhc8 16. Bc5 Ne8 17. Bd4 e5 18. Be3 Ke6 19. Ne2 Nf6 20. f3 d5 21. exd5+ cxd5 22. c3 Nd7 23. f4 Nc5 24. Bxc5 Rxc5 25. fxe5 Bxe5 26. Rd3 Rac8 27. Nd4+ Bxd4+ 28. cxd4 Rc3 29. Rxc3 Rxc3 30. Rf3 Rc2 31. Rf2 Rc1+ 32. Rf1 Rxf1+ 33. Kxf1 Kf5 34. Ke2 Ke4 35. g4 g5 36. b4 Kxd4 37. b5 Kc5 38. Ke3 b6 39. Kd3 Kb4 40. Kd4 Kxa4 41. Kxd5 Kxb5 42. Ke5 Kc4 43. Kf5 b5 44. Kxg5 b4 45. Kh6 b3 46. Kxh7 b2 47. g5 b1Q+ 48. g6 Kd5 49. Kh6 Ke6 50. h4 Kf6 51. h5 Qf5 52. g7 Qg5+ 53. Kh7 Qxg7# 0-1

[Event "SVK-chT1W 0910"]
[Site "Slovakia"]
[Date "2010.03.07"]
[Round "11.6"]
[White "Krajcovic, Alojz"]
[Black "Horvath, Marek"]
[Result "0-1"]
[WhiteElo "2068"]
[BlackElo "1802"]
[PlyCount "100"]
[EventDate "2009.10.17"]
[EventType "team"]
[EventRounds "11"]
[EventCountry "SVK"]
[SourceTitle "EXT 2011"]
[Source "ChessBase"]
[SourceDate "2010.11.26"]
[SourceVersion "1"]
[SourceVersionDate "2010.11.26"]
[SourceQuality "1"]
[WhiteTeam "Dubnica nad Vahom II"]
[BlackTeam "Modra"]
[WhiteTeamCountry "SVK"]
[BlackTeamCountry "SVK"]

1. e4 e5 2. Nf3 Nf6 3. Nc3 Bb4 4. d3 d6 5. Bg5 0-0 6. Be2 Ba5 7. 0-0 c6 8. h3 Be6 9. a3 Nbd7 10. Nh2 d5 11. Bf3 Qc8 12. b4 Bd8 13. Re1 Qc7 14. Nf1 Be7 15. Bd2 Rfe8 16. Ng3 g6 17. Qc1 Rad8 18. Be2 dxe4 19. dxe4 Nb6 20. Be3 Nc4 21. Bxc4 Bxc4 22. Qb2 b6 23. Nf1 Nh5 24. Nd2 Be6 25. Nf3 Bf6 26. Ne2 Bd7 27. Qc3 Qc8 28. Kh2 Bg7 29. Rad1 Nf6 30. Nd2 Qc7 31. Nc1 Bc8 32. f3 Be6 33. Nd3 Nh5 34. Qa1 Nf4 35. Bxf4 exf4 36. Qc1 Bf6 37. Nf1 Bc3 38. Re2 Bc4 39. e5 Bxd3 40. Rxd3 Rxd3 41. cxd3 Rxe5 42. Qxf4 Qe7 43. Rc2 Rc5 44. Qb8+ Kg7 45. f4 Be5 46. fxe5 Rxc2 47. Ne3 Rc3 48. Ng4 Rxd3 49. e6 Qxe6 50. Ne5 Rd5 0-1

[Event "SVK-chT2A 0910"]
[Site "Slovakia"]
[Date "2009.11.07"]
[Round "3.7"]
[White "Svoboda, Adam"]
[Black "Horvath, Marek"]
[Result "1-0"]
[WhiteElo "1821"]
[BlackElo "1802"]
[PlyCount "81"]
[EventDate "2009.10.10"]
[EventType "team-tourn"]
[EventRounds "11"]
[EventCountry "SVK"]
[SourceTitle "EXT 2011"]
[Source "ChessBase"]
[SourceDate "2010.11.26"]
[SourceVersion "1"]
[SourceVersionDate "2010.11.26"]
[SourceQuality "1"]
[WhiteTeam "Trnava Lokomotiva II"]
[BlackTeam "Modra II"]
[WhiteTeamCountry "SVK"]
[BlackTeamCountry "SVK"]

1. e4 e5 2. Nf3 Nf6 3. Nxe5 d6 4. Nf3 Nxe4 5. d4 d5 6. Bd3 Nc6 7. 0-0 Be7 8. Re1 Bg4 9. c3 f5 10. Nbd2 0-0 11. Qb3 Na5 12. Qa4 c6 13. b4 Bxf3 14. Nxf3 Nc4 15. Qb3 b5 16. Qc2 a5 17. Bxc4 bxc4 18. Ne5 Qc7 19. bxa5 c5 20. f3 cxd4 21. cxd4 Bb4 22. Rf1 Nd6 23. Bd2 Bxd2 24. Qxd2 c3 25. Qc2 Qxa5 26. Rfd1 Rfc8 27. a4 Qb4 28. Nd7 Nc4 29. Rd3 Na3 30. Qa2 Qb2 31. Qxa3 Rxa4 32. Qxa4 c2 33. Nc5 c1Q+ 34. Rxc1 Qxc1+ 35. Rd1 Qe3+ 36. Kh1 Re8 37. h3 h6 38. Qb3 Qf2 39. Qxd5+ Kh8 40. Qxf5 Re2 41. Qg6 1-0

[Event "Bratislava Doprastav op"]
[Site "Bratislava"]
[Date "2009.07.09"]
[Round "7"]
[White "Jambrich, Jaromir"]
[Black "Horvath, Marek"]
[Result "1/2-1/2"]
[WhiteElo "1640"]
[BlackElo "1852"]
[PlyCount "91"]
[EventDate "2009.07.04"]
[EventType "swiss"]
[EventRounds "9"]
[EventCountry "SVK"]
[SourceTitle "EXT 2015"]
[Source "ChessBase"]
[SourceDate "2014.11.20"]
[SourceVersion "1"]
[SourceVersionDate "2014.11.20"]
[SourceQuality "1"]

1. Nf3 Nf6 2. b3 g6 3. Bb2 Bg7 4. e3 c5 5. c4 0-0 6. g3 Nc6 7. Bg2 Nb4 8. Bf1 d5 9. a3 Nc6 10. cxd5 Qxd5 11. Bc4 Qh5 12. Be2 Qf5 13. 0-0 b6 14. Nh4 Qh3 15. Nc3 Ng4 16. Bxg4 Bxg4 17. f3 Bc8 18. Rb1 Bb7 19. Ne4 Ne5 20. Nf2 Qd7 21. f4 Nc6 22. Bxg7 Kxg7 23. Qc2 Rad8 24. Rfd1 Ba6 25. Qc3+ f6 26. d3 Qe6 27. Ng2 Rd7 28. Rd2 Rfd8 29. Ne1 Qxe3 30. Rbd1 Nd4 31. Kg2 Bb7+ 32. Kf1 e5 33. Ng4 Nb5 34. Qc4 Qd4 35. Qxb5 exf4 36. Qc4 fxg3 37. hxg3 Qd6 38. Qf4 Qxf4+ 39. gxf4 Rd4 40. Rf2 Ba6 41. Rf3 c4 42. bxc4 Bxc4 43. Ne3 Ba6 44. N3c2 R4d6 45. Kg1 Bc8 46. Rd2 1/2-1/2

[Event "Bratislava Doprastav op"]
[Site "Bratislava"]
[Date "2009.07.07"]
[Round "5"]
[White "Sturc, Jan"]
[Black "Horvath, Marek"]
[Result "1-0"]
[WhiteElo "1991"]
[BlackElo "1852"]
[PlyCount "61"]
[EventDate "2009.07.04"]
[EventType "swiss"]
[EventRounds "9"]
[EventCountry "SVK"]
[SourceTitle "EXT 2015"]
[Source "ChessBase"]
[SourceDate "2014.11.20"]
[SourceVersion "1"]
[SourceVersionDate "2014.11.20"]
[SourceQuality "1"]

1. e4 e5 2. Nf3 Nf6 3. Nxe5 d6 4. Nf3 Nxe4 5. d4 d5 6. Bd3 Nc6 7. 0-0 Be7 8. Nbd2 Nf6 9. c3 0-0 10. h3 Bd6 11. Re1 Re8 12. Nf1 h6 13. Ne3 Ne4 14. Nxd5 Bf5 15. Qc2 Bh2+ 16. Kxh2 Qxd5 17. Be3 Nd6 18. Bxf5 Nxf5 19. Bf4 Nd6 20. Qb3 Qf5 21. Bxd6 cxd6 22. Qxb7 Rec8 23. Qa6 g5 24. Re3 g4 25. hxg4 Qxg4 26. Kg1 Kh8 27. Rae1 h5 28. Re4 Qg7 29. Qe2 Rg8 30. g3 f5 31. Rh4 1-0

[Event "SVK-chT2A 0809"]
[Site "Slovakia"]
[Date "2009.01.10"]
[Round "7.6"]
[White "Obdrzalkova, Anita"]
[Black "Horvath, Marek"]
[Result "1-0"]
[WhiteElo "2005"]
[BlackElo "1839"]
[PlyCount "105"]
[EventDate "2008.10.11"]
[EventType "team-tourn"]
[EventRounds "11"]
[EventCountry "SVK"]
[SourceTitle "EXT 2010"]
[Source "ChessBase"]
[SourceDate "2010.11.25"]
[SourceVersion "1"]
[SourceVersionDate "2010.11.25"]
[SourceQuality "1"]
[WhiteTeam "Dunajska Streda SK II"]
[BlackTeam "Modra II"]
[WhiteTeamCountry "SVK"]
[BlackTeamCountry "SVK"]

1. d4 Nf6 2. Nf3 g6 3. c4 Bg7 4. Nc3 d6 5. e4 0-0 6. Be2 e5 7. 0-0 Nc6 8. d5 Ne7 9. Ne1 a5 10. Be3 Ne8 11. f3 f5 12. Nd3 f4 13. Bf2 g5 14. c5 Kh8 15. a3 h5 16. Rc1 Rf7 17. cxd6 cxd6 18. Na4 Ng8 19. Nb6 Rb8 20. Qa4 Ngf6 21. Qxa5 g4 22. Qa7 Bd7 23. Nxd7 Rxd7 24. Bb6 Ra8 25. Bxd8 Rxa7 26. Bb6 Ra8 27. Nb4 Bf8 28. Rc3 Rg7 29. Rfc1 Be7 30. Rc8 Rxc8 31. Rxc8 Kh7 32. Kf1 h4 33. fxg4 Rg6 34. h3 Ng7 35. Bf3 Nd7 36. Bf2 Nc5 37. Ke2 Rf6 38. Nd3 Rf8 39. Rxf8 Bxf8 40. Nxc5 dxc5 41. Bxh4 b5 42. Bd8 Ne8 43. Kd2 Nd6 44. Kc3 b4+ 45. axb4 cxb4+ 46. Kb3 Kg6 47. h4 Nb7 48. h5+ Kf7 49. Bc7 Nc5+ 50. Kc4 Na4 51. b3 Nb2+ 52. Kb5 Nd3 53. d6 1-0